Statistics for Countries recognizing Kosovo as an independent country

Click here to take the quiz!

General Stats

  • This quiz has been taken 246 times
  • The average score is 63 of 108

Answer Stats

Date of recognitionContinentAnswer% Correct
18 February 2008North AmericaUnited States
94%
18 February 2008EuropeUnited Kingdom
89%
18 February 2008EuropeFrance
88%
20 February 2008EuropeGermany
87%
4 March 2008EuropeSweden
84%
18 March 2008North AmericaCanada
82%
19 March 2008EuropeCroatia
82%
18 March 2008AsiaJapan
82%
18 February 2008EuropeAlbania
81%
7 March 2008EuropeFinland
81%
28 March 2008EuropeNorway
81%
7 October 2008EuropePortugal
81%
19 February 2008OceaniaAustralia
80%
18 February 2008AsiaTurkey
80%
28 February 2008EuropeAustria
79%
26 February 2008EuropePoland
79%
21 February 2008EuropeDenmark
78%
5 March 2008EuropeSlovenia
78%
29 February 2008EuropeIreland
77%
21 February 2008EuropeItaly
77%
4 March 2008EuropeNetherlands
77%
24 February 2008EuropeBelgium
76%
21 February 2008EuropeEstonia
76%
21 February 2008EuropeLuxembourg
76%
5 March 2008EuropeIceland
75%
6 May 2008EuropeLithuania
74%
9 November 2009OceaniaNew Zealand
74%
28 March 2008AsiaSouth Korea
74%
27 February 2008EuropeSwitzerland
74%
26 June 2013AfricaEgypt
73%
20 February 2008EuropeLatvia
73%
20 March 2008EuropeBulgaria
72%
19 March 2008EuropeHungary
72%
12 May 2008EuropeSan Marino
72%
21 May 2008EuropeCzech Republic
70%
9 October 2008EuropeMacedonia
70%
25 March 2008EuropeLiechtenstein
69%
9 October 2008EuropeMontenegro
69%
8 June 2011EuropeAndorra
68%
20 April 2009AsiaSaudi Arabia
68%
18 February 2008AsiaAfghanistan
67%
18 February 2008Central AmericaCosta Rica
67%
24 December 2012AsiaPakistan
66%
19 March 2008EuropeMonaco
65%
4 February 2011AsiaOman
62%
24 September 2013AsiaThailand
61%
22 August 2008EuropeMalta
60%
11 June 2013AsiaYemen
60%
10 February 2012CaribbeanHaiti
59%
16 January 2009Central AmericaPanama
59%
14 October 2008AsiaUnited Arab Emirates
59%
7 January 2011AsiaQatar
58%
4 August 2008South AmericaColombia
57%
19 November 2012OceaniaFiji
57%
19 May 2009AsiaBahrain
55%
15 August 2011AfricaNiger
55%
11 December 2012CaribbeanDominica
54%
10 July 2009CaribbeanDominican Republic
54%
25 September 2013AfricaLibya
53%
30 October 2008AsiaMalaysia
53%
23 January 2012AfricaGhana
52%
17 April 2008OceaniaMarshall Islands
52%
22 February 2008South AfricaPeru
52%
23 April 2008OceaniaNauru
51%
6 March 2009OceaniaPalau
50%
15 January 2014OceaniaTonga
50%
18 November 2010OceaniaTuvalu
50%
11 October 2011AsiaKuwait
49%
19 August 2011CaribbeanSaint Lucia
49%
15 September 2008OceaniaSamoa
49%
28 April 2010OceaniaVanuatu
49%
7 August 2008Central AmericaBelize
48%
1 June 2012AfricaChad
48%
7 July 2009AsiaJordan
48%
21 October 2010OceaniaKiribati
48%
28 November 2012CaribbeaSaint Kitts and Nevis
48%
11 July 2014AfricaTogo
48%
29 June 2013Central AmericaEl Salvador
46%
3 October 2012OceaniaPapua New Guinea
46%
13 August 2014OceaniaSolomon Islands
46%
5 December 2008OceaniaFederated States of Micronesia
45%
16 March 2013South AmericaGuyana
45%
3 September 2010Central AmericaHonduras
45%
18 February 2008AfricaSenegal
45%
20 September 2012OceaniaEast Timor
44%
19 May 2010AfricaSomalia
43%
18 August 2011AfricaBenin
42%
25 April 2012AsiaBrunei
42%
12 August 2011AfricaGuinea
42%
11 February 2014AfricaLesotho
40%
12 January 2010AfricaMauritania
40%
15 September 2011AfricaGabon
39%
7 April 2009AfricaGambia
39%
25 September 2013CaribbeanGrenada
39%
23 April 2008AfricaBurkina Faso
37%
14 May 2009AfricaComoros
37%
8 May 2010AfricaDjibouti
37%
30 May 2008AfricaLiberia
37%
19 February 2009AsiaMaldives
37%
12 April 2010AfricaSwaziland
37%
10 January 2011AfricaGuinea-Bissau
36%
22 July 2011AfricaCentral African Republic
35%
29 May 2013AfricaTanzania
34%
16 September 2011AfricaIvory Coast
33%
11 June 2008AfricaSierra Leone
31%
14 December 2009AfricaMalawi
30%
16 October 2012AfricaBurundi
29%
13 March 2012AfricaSao Tome and Principe
29%

Score Distribution

Percentile by Number Answered

Percent of People with Each Score

Your Score History

You have not taken this quiz